| 000 | 01362nam a2200277Ia 4500 | ||
|---|---|---|---|
| 003 | PE SENCICO BE | ||
| 005 | 20251020182428.0 | ||
| 008 | 200515s9999 xx 000 0 und d | ||
| 040 |
_aPE SENCICO BE _cPE SENCICO BE |
||
| 041 | _aspa | ||
| 082 |
_a307.12 _bI5 |
||
| 110 | 1 |
_aInstituto Nacional de Desarrollo Urbano (Lima) _92397 |
|
| 245 | 1 | 0 |
_aEl problema de las áreas tugurizadas centrales de Lima : _bdiagnóstico - evaluación - lineamientos / _cInstituto Nacional de Desarrollo Urbano |
| 250 | _a[1a ed.] | ||
| 260 |
_aLima : _bINADUR ; _c1983 |
||
| 300 |
_a144 p. : _bplanos ; _c29 cm. |
||
| 505 | 0 | _aEl crecimiento urbano de Lima Metropolitana -- El deterioro urbano en Lima -- Deterioro urbano en un barrio de Lima - El caso de Monserrate -- Política urbana -- Programas de renovación y/o rehabilitación urbana | |
| 520 | 3 | _aDocumento sobre las áreas internas tugurizadas de la ciudad de Lima, muestra su proceso de formación, sus características, las experiencias habidas en algunos programas implementados y propone lineamientos para el desarrollo urbano. | |
| 650 | 1 | 0 |
_aAsentamientos humanos _92398 |
| 650 | 2 | 0 |
_aDesarrollo urbano _91318 |
| 650 | 2 | 0 |
_aPolítica urbana _92399 |
| 650 | 2 | 0 |
_aPolítica habitacional _9839 |
| 650 | 2 | 0 |
_aPolítica de vivienda _92259 |
| 651 | 0 |
_91382 _aLima (Perú : Departamento) |
|
| 942 |
_cLIB _2ddc |
||
| 999 |
_c168 _d168 |
||